WEAPONS OF MASS CASSUALTIES AND TERRORISM (Record no. 15809)

MARC details
000 -LEADER
fixed length control field 00294nam a22001337a 4500
003 - CONTROL NUMBER IDENTIFIER
control field SGT
020 ## - INTERNATIONAL STANDARD BOOK NUMBER
International Standard Book Number 9780963724252
082 ## - DEWEY DECIMAL CLASSIFICATION NUMBER
Item number STE
100 ## - MAIN ENTRY--PERSONAL NAME
Personal name STEWART, CHARLES
245 ## - TITLE STATEMENT
Title WEAPONS OF MASS CASSUALTIES AND TERRORISM
260 ## - PUBLICATION, DISTRIBUTION, ETC. (IMPRINT)
Name of publisher, distributor, etc JOHN & BARTLETT
Year of Publication 2006
300 ## - PAGE DESCRIPTION
No. of Pages 286
942 ## - ADDED ENTRY ELEMENTS (KOHA)
Source of classification or shelving scheme Dewey Decimal Classification
Koha item type Books
Holdings
Withdrawn status Lost status Source of classification or shelving scheme Damaged status Not for loan Home library Current library Shelving location Date acquired Vendor Name Cost, normal purchase price SGTU Bill Number Total Checkouts Full call number Accession No. (Barcode) Date last seen Bill Date Koha item type
    Dewey Decimal Classification     SGT Science & Social Sciences Library SGT Science & Social Sciences Library Text Book 16/08/2018 AHUJA BOOKS COMPANY 0.00 SGTU 10014   STE PS4559 16/08/2018   Books